| 000 | 00431nam a22001697a 4500 | ||
|---|---|---|---|
| 001 | T027600002023 | ||
| 008 | 181111b xve|||||r|||| 00| | esp d | ||
| 020 | _a980-394-015-5 | ||
| 099 |
_a330 _bU86 |
||
| 100 | _aUslar Pietri, Arturo. | ||
| 245 | _aSumario de economÃa Venezolana. Para alivio de estudiantes. | ||
| 260 | _a2006 | ||
| 300 | _a300 | ||
| 500 | _a | ||
| 650 | _aVenezuela condiciones económicas. | ||
| 942 | _cLIB | ||
| 999 |
_c3190 _d3190 |
||